00544 2200205 4500001002100000005001700021008004100038035002500079040001200104082000800116084001400124100001700138245005100155250001100206260004000217300003700257650001100294850001200305990002100317INLIS00000000002036820160525141055.0  a0010-051600000000802 aYOPDYOG a650 a650 Dod B aDODI MAWARDI aBelajar goblok dari Bob Sadinoc/ Dodi Mawardi aCet. 1 aJakartabKintamani Publishingc2010 axxix, 150 hlm.b: ilus.c; 21 cm aBisnis aYOPDYOG a1375-RBM/PD.A.16